The murder of Mary Jones /

Hlavní autor: Vicary, Tim, 1949-
Další autoři: Lyles, Kevin
Jazyk: Angličtina
Vydáno: Oxford : Oxford University Press, 2000
Vydání: 2nd impression
Edice: Oxford bookworms playscripts.
Témata:
Fyzický popis: 42 s. : il.
Knihy
Uloženo v:
LEADER 01735nam a2200469 a 4500
001 000998594
003 CZ BrMZK
005 20240916102941.0
007 ta
008 060116s2000 xxka g p 000 d eng
020 |a 019422855X  |q (brož.) 
040 |a BOA001  |b cze 
072 7 |a 811.111  |x Angličtina  |2 Konspekt  |9 11 
072 7 |a 821.111-2  |x Anglické drama, anglicky psané  |2 Konspekt  |9 25 
080 |a 821.111-2  |2 MRF 
080 |a 811.111  |2 MRF 
080 |a 028.4-028.31/.32  |2 MRF 
080 |a (0:82-25)  |2 MRF 
080 |a (07.062)81  |2 MRF 
100 1 |a Vicary, Tim,  |d 1949-  |7 xx0015561  |4 aut 
245 1 4 |a The murder of Mary Jones /  |c Tim Vicary 
250 |a 2nd impression 
260 |a Oxford :  |b Oxford University Press,  |c 2000 
300 |a 42 s. :  |b il. 
490 1 |a Oxford bookworms playscripts. Stage 1 
650 0 7 |a angličtina  |7 ph114056  |2 czenas 
650 0 7 |a zjednodušená četba  |7 ph656682  |2 czenas 
650 0 9 |a English language  |2 eczenas 
650 0 9 |a simplified reading  |2 eczenas 
653 0 |a jazyková úroveň A1  |a jazyková úroveň A2 
655 7 |a anglická dramata  |7 fd131806  |2 czenas 
655 7 |a detektivní dramata  |7 fd1114890  |2 czenas 
655 7 |a jazykové učebnice, texty, příručky (A)  |7 fd600889  |2 czenas 
655 9 |a English drama  |2 eczenas 
655 9 |a detective drama  |2 eczenas 
655 9 |a language textbooks, texts, handbooks (A)  |2 eczenas 
700 1 |a Lyles, Kevin  |7 mzk2007411087  |4 ill 
830 0 |a Oxford bookworms playscripts.  |n Stage 1 
910 |a BOA001  |b AK-0005.067 
990 |a BK 
991 |b 200911  |y British Council Brno - Czech Republic  |z 000047168  |x 99 
996 7 |b 261E005137  |c AK-0005.067  |l Anglická knihovna/2.patro  |r ZHR  |n 41  |h SR-PD  |w 000998594  |u 000010  |a 0  |e BOA001  |j MZK50  |s A